| 000 | 00946nac a22002891i 4500 | ||
|---|---|---|---|
| 003 | EG-ScBUE | ||
| 005 | 20240917112617.0 | ||
| 008 | 240917t2008 nyua f b 001 0 eng d | ||
| 020 | _a9783540727798 (hardcover : alk. paper) | ||
| 040 |
_aEG-ScBUE _beng _erda _cEG-ScBUE _dEG-ScBUE |
||
| 082 | 0 | 4 |
_a510 _bJUN _222 |
| 100 | 1 |
_aJungnickel, Dieter, _eauthor. |
|
| 245 | 1 | 0 |
_aGraphs, networks and algorithms / _cDieter Jungnickel. |
| 250 | _aThird edition. | ||
| 264 | 1 |
_aNew York : _bSpringer, _c[2008] |
|
| 264 | 1 | _cc2008 | |
| 300 |
_axix, 650 pages : _billustrations ; _c24 cm. |
||
| 336 |
_2rdacontent _atext _btxt |
||
| 337 |
_aunmediated _2rdamedia _bn |
||
| 338 |
_avolume _bnc _2rdacarrier |
||
| 490 | 0 |
_aAlgorithms and computation in mathematics ; _v5 |
|
| 504 | _aIncludes bibliographical references and index. | ||
| 650 | 7 |
_aAlgorithms. _2BUEsh |
|
| 650 | 7 |
_aGraph theory. _2BUEsh |
|
| 655 | _vReading book | ||
| 942 |
_cBB _2ddc |
||
| 999 |
_c8805 _d8805 |
||